Through peasant eyes : more Lucan parables, their culture and style /

Bibliographic Details
Main Author: Bailey, Kenneth E.
Format: Book
Language:English
Published: Grand Rapids, Mich. : W.B. Eerdmans, [1980]
Subjects:

MARC

Tag First Indicator Second Indicator Subfields
LEADER 00000pam a2200000 a 4500
001 in00000085340
005 20151008061433.0
008 800401s1980 miu b 00110 engm
010 |a  80014297  
020 |a 0802835287 
035 |a (OCoLC)06223738 
035 |9 AAJ8059AM 
040 |a DLC  |c DLC  |d m.c.  |d TXA  |d UtOrBLW 
049 |a TXAM  |c [933423] 
050 0 0 |a BT375.2  |b .B24 
082 0 |a 226/.806 
100 1 |a Bailey, Kenneth E. 
245 1 0 |a Through peasant eyes :  |b more Lucan parables, their culture and style /  |c by Kenneth E. Bailey. 
264 1 |a Grand Rapids, Mich. :  |b W.B. Eerdmans,  |c [1980] 
264 4 |c ©1980 
300 |a xxiii, 187 pages ;  |c 24 cm. 
336 |a text  |b txt  |2 rdacontent 
337 |a unmediated  |b n  |2 rdamedia 
338 |a volume  |b nc  |2 rdacarrier 
500 |a Includes indexes. 
504 |a Bibliography: pages 173-179. 
600 0 0 |a Jesus Christ  |x Parables. 
630 0 0 |a Bible.  |p Luke  |x Criticism, interpretation, etc. 
999 |a MARS 
999 f f |s 732b0744-0215-3662-94fa-c88e2d4c0ce9  |i 4801d2d7-8028-342f-8f9c-a8a44a797fd9  |t 0 
952 f f |p ric  |a Texas A&M University  |b Rellis Campus  |c Joint Library Facility  |d Remote Storage  |t 0  |e BT375.2 .B24  |h Library of Congress classification  |i unmediated -- volume  |m A14806092086 
998 f f |a BT375.2 .B24  |t 0  |l Remote Storage